Les plus gros producteurs de blé au monde par an - Statistiques

Statistiques générales
  • Ce quiz a été pris 149 fois
  • Le résultat moyen est 12 sur 15
Statistiques - réponses
Production (en tonnes) Pays % Correct
35 798 234 France
99%
131 447 224 Chine
98%
72 136 149 Russie
98%
51 286 540 États-Unis
97%
20 263 500 Allemagne
95%
24 652 840 Ukraine
93%
99 700 000 Inde
92%
31 769 200 Canada
88%
20 941 134 Australie
78%
18 518 045 Argentine
73%
13 555 000 Royaume-Uni
69%
18 518 045 Turquie
63%
14 500 000 Iran
60%
25 076 149 Pakistan
59%
13 944 108 Kazakhstan
48%
Aucun quiz correspondant
Distribution des résultats
% des personnes avec chaque résultat
Percentile par nombre de réponses
Votre historique - résultats
Vous n’avez pas pris ce quiz